Introduction to Programmable Logic Controllers (Record no. 307576)

MARC details
000 -LEADER
fixed length control field 00466nam a2200181Ia 4500
008 - FIXED-LENGTH DATA ELEMENTS--GENERAL INFORMATION
fixed length control field 230718s9999 xx 000 0 und d
020 ## - INTERNATIONAL STANDARD BOOK NUMBER
International Standard Book Number 9789812406255
041 ## - LANGUAGE CODE
Language code of text/sound track or separate title eng
082 ## - DEWEY DECIMAL CLASSIFICATION NUMBER
Classification number 629.89
Item number DUN
100 ## - MAIN ENTRY--PERSONAL NAME
Personal name Dunning G.
245 ## - TITLE STATEMENT
Title Introduction to Programmable Logic Controllers
250 ## - EDITION STATEMENT
Edition statement 2nd
260 ## - PUBLICATION, DISTRIBUTION, ETC. (IMPRINT)
Date of publication, distribution, etc. 2002
Name of publisher, distributor, etc. Thomson Publication
300 ## - PHYSICAL DESCRIPTION
Extent 516
365 ## - TRADE PRICE
Currency code Rs.
Price amount 334.00
700 ## - ADDED ENTRY--PERSONAL NAME
Personal name Dunning G.
906 ## - LOCAL DATA ELEMENT F, LDF (RLIN)
d B:1465/25.03.200419-Aug-2005
c INST
Holdings
Withdrawn status Lost status Damaged status Not for loan Home library Current library Date acquired Vendor Budget Code Cost, normal purchase price Bill number Total Checkouts Full call number Barcode Date last seen Cost, replacement price Bill Date Koha item type Original Barcode
        Cummins College of Engineering for Women Pune Cummins College of Engineering for Women Pune 25/03/2004 Goels Computer Hut INST 334.00 1465/25.03.2004   629.89 CCEP-BK-18783 18/07/2023 334.00 19/08/2005 Books 018783